The Bronze Age/ (Record no. 203118)
[ view plain ]
| 000 -LEADER | |
|---|---|
| fixed length control field | 00610nam a22001937a 4500 |
| 005 - DATE AND TIME OF LATEST TRANSACTION | |
| control field | 20240521153152.0 |
| 010 ## - LCCN (DPL NO) | |
| LC control number | ENG-140432 |
| 020 ## - INTERNATIONAL STANDARD BOOK NUMBER | |
| International Standard Book Number | 9789392038204 |
| Terms of availability | 825.00 |
| 035 ## - SYSTEM CONTROL NUMBER | |
| System control number | EN-123964 |
| 037 ## - SOURCE OF ACQUISITION | |
| Source of stock number/acquisition | DBAD |
| 082 ## - DEWEY DECIMAL CLASSIFICATION NUMBER | |
| Classification number | 930.1 |
| 100 ## - MAIN ENTRY--PERSONAL NAME | |
| Personal name | Childe, V. Gordon |
| 245 ## - TITLE STATEMENT | |
| Title | The Bronze Age/ |
| Statement of responsibility, etc | by V. Gordon Childe |
| 260 ## - PUBLICATION, DISTRIBUTION, ETC. (IMPRINT) | |
| Place of publication, distribution, etc | Assam |
| Name of publisher, distributor, etc | EBH Publishers, an imprint of Eastern Book House |
| Date of publication, distribution, etc | 2022 |
| 270 ## - ADDRESS | |
| Address | 136, M.L. Nehru Road, Panbazar, Guwahati |
| City | Assam |
| Postal code | 781001 |
| 300 ## - PHYSICAL DESCRIPTION | |
| Extent | xii, 258 p. |
| Dimensions | 23cm, (pb} |
| 700 ## - ADDED ENTRY--PERSONAL NAME | |
| Personal name | Childe, V. Gordon |
| 9 (RLIN) | 66297 |
| Relator term | Author |
| 942 ## - ADDED ENTRY ELEMENTS (KOHA) | |
| Source of classification or shelving scheme | Dewey Decimal Classification |
| Item type | English Books |
| Classification part | 930.1 |
| Call number suffix | CHI |
| Withdrawn status | Lost status | Not for loan | Collection code | Home library | Current library | Date acquired | Source of acquisition | Cost, normal purchase price | Full call number | Barcode | Copy number | Cost, replacement price | Koha item type |
|---|---|---|---|---|---|---|---|---|---|---|---|---|---|
| Non-fiction | Bawana | Bawana | 21/05/2024 | DBAD | 825.00 | 930.1 CHI | EN-123964 | 1 | 825.00 | English Books |
